OPTICAL NETWORKS (Record no. 45625)

000 -LEADER
fixed length control field 00311nam a2200145Ia 4500
008 - FIXED-LENGTH DATA ELEMENTS--GENERAL INFORMATION
fixed length control field 240801s9999 xx 000 0 und d
020 ## - INTERNATIONAL STANDARD BOOK NUMBER
International Standard Book Number 9789830027524
082 ## - DEWEY DECIMAL CLASSIFICATION NUMBER
Item number GUP-O
100 ## - MAIN ENTRY--PERSONAL NAME
Personal name GUPTA SACHIN
245 #0 - TITLE STATEMENT
Title OPTICAL NETWORKS
250 ## - EDITION STATEMENT
Edition statement 1
260 ## - PUBLICATION, DISTRIBUTION, ETC.
Place of publication, distribution, etc. NEW DELHI
Date of publication, distribution, etc. 2009
300 ## - PHYSICAL DESCRIPTION
Extent 317
942 ## - ADDED ENTRY ELEMENTS (KOHA)
Koha item type Donated Books
Holdings
Withdrawn status Lost status Damaged status Not for loan Collection code Permanent Location Current Location Shelving location Date acquired Cost, normal purchase price Full call number Barcode Date last seen Price effective from Koha item type
        School of Engineering Maharishi School of Engineering & Technology (Lucknow) Maharishi School of Engineering & Technology (Lucknow) R20S5 2024-08-01 175.00 621 DB9004 2024-08-01 2024-08-01 Donated Books

All Rights Reserved@MUIT

Powered by Koha